Sports Quiz

Random Sports or NFL Quiz

Super Bowl XLVIII (Broncos vs. Seahawks) Quiz Stats

 Plays Quiz Updated Sep 13, 2015

Challenge
Share
Tweet
Embed
Score 0/26 Timer 07:00
0 Plays Today
Hint Answer % Correct
BroncosDenver
98%
BroncosPeyton Manning
96.3%
SeahawksSeattle
94.9%
BroncosJohn Fox
91.8%
Super Bowl XLVIIIFOX
90.4%
SeahawksRussell Wilson
89.7%
Super Bowl XLVIIISuper Bowl 48
88.5%
BroncosAFC West
88.4%
SeahawksNFC West
86.7%
SeahawksMarshawn Lynch
85.2%
Super Bowl XLVIIIVince Lombardi Trophy
84.3%
SeahawksPete Carroll
81.3%
Super Bowl XLVIIIEast Rutherford, New Jersey
81.1%
Hint Answer % Correct
BroncosSuper Bowl XXXIII (1999)
79.4%
BroncosDemaryius Thomas
78.3%
SeahawksSuper Bowl XL (2006)
77.8%
Super Bowl XLVIIIBruno Mars & Red Hot Chili Peppers
75.6%
BroncosSports Authority Field
75.4%
Super Bowl XLVIIIFebruary 2nd, 2014
74.7%
BroncosKnowshon Moreno
71.5%
Super Bowl XLVIIIMetLife Stadium
64.7%
SeahawksGolden Tate
58.4%
Super Bowl XLVIIILos Angeles, California
55.9%
SeahawksCenturyLink Field
34.5%
BroncosShannon Sharpe
23.1%
SeahawksWalter Jones
16.4%

You're not logged in!

Compare scores with friends on all Sporcle quizzes.
Join for Free
OR
Log In

You Might Also Like...

Show Comments

Extras

Top Quizzes Today


Score Distribution

Your Account Isn't Verified!

In order to create a playlist on Sporcle, you need to verify the email address you used during registration. Go to your Sporcle Settings to finish the process.

Report this User

Report this user for behavior that violates our Community Guidelines.

Details: